Religion in Kosovo - Statistics

General Stats
  • This quiz has been taken 102 times
  • The average score is 3 of 5
Answer Stats
Percentage Religion % Correct
88% Islam
95%
5.8% Catholic
87%
2.9% Orthodox
85%
0.4% Other
40%
2.9% None
35%
No matching quizzes found
Score Distribution
Percent of People with Each Score
Percentile by Number Answered
Your Score History
You have not taken this quiz